[Event "Sautron W op 02nd"]
[Site "Sautron"]
[Date "2014.05.29"]
[Round "2"]
[White "Delorme, Alban"]
[Black "Collen, Eric"]
[Result "1-0"]
[WhiteElo "2285"]
[BlackElo "1703"]
[PlyCount "57"]
[EventDate "2014.05.28"]
[EventType "swiss"]
[EventRounds "6"]
[EventCountry "FRA"]
[SourceTitle "EXT 2016"]
[Source "ChessBase"]
[SourceDate "2015.10.08"]
[SourceVersion "1"]
[SourceVersionDate "2015.10.08"]
[SourceQuality "1"]

1. e4 b6 2. d4 Bb7 3. Nc3 e6 4. Nf3 Bb4 5. Bd3 Nf6 6. Qe2 c5 7. 0-0 cxd4 8. Nxd4 Nc6 9. Nxc6 Bxc6 10. e5 Bxc3 11. bxc3 Nd5 12. Qg4 Ne7 13. Bg5 h6 14. Bh4 g5 15. Bg3 Qc8 16. a4 Qb7 17. f3 Nd5 18. Qd4 0-0-0 19. a5 h5 20. axb6 Qxb6 21. Rxa7 Qxd4+ 22. cxd4 Rdg8 23. c4 Nf4 24. Bxf4 gxf4 25. Be4 Bxe4 26. fxe4 Kd8 27. c5 Ke7 28. c6 Rd8 29. Rxf4 1-0